<?xml version="1.0" encoding="UTF-8"?>
<record
    xmlns:xsi="http://www.w3.org/2001/XMLSchema-instance"
    xsi:schemaLocation="http://www.loc.gov/MARC21/slim http://www.loc.gov/standards/marcxml/schema/MARC21slim.xsd"
    xmlns="http://www.loc.gov/MARC21/slim">

  <leader>01209nam a2200277 i 4500</leader>
  <controlfield tag="001">11057</controlfield>
  <controlfield tag="003">ES-MaACL</controlfield>
  <controlfield tag="005">20240221153505.0</controlfield>
  <controlfield tag="007">t|</controlfield>
  <controlfield tag="008">921015m1990    sp           ||||0| spa d</controlfield>
  <datafield tag="016" ind1="7" ind2=" ">
    <subfield code="z">CEN920076943</subfield>
  </datafield>
  <datafield tag="020" ind1=" " ind2=" ">
    <subfield code="a">84-302-88-012-1</subfield>
  </datafield>
  <datafield tag="040" ind1=" " ind2=" ">
    <subfield code="a">CEN </subfield>
    <subfield code="b">spa </subfield>
    <subfield code="c">CEN</subfield>
  </datafield>
  <datafield tag="080" ind1=" " ind2=" ">
    <subfield code="a">860 Valle-Incl&#xE1;n, Ram&#xF3;n del 1.06(063)</subfield>
  </datafield>
  <datafield tag="111" ind1="2" ind2=" ">
    <subfield code="a">Simposio Internacional sobre Valle-Incl&#xE1;n (</subfield>
    <subfield code="d">1986. </subfield>
    <subfield code="c">Madrid)</subfield>
    <subfield code="9">1084</subfield>
  </datafield>
  <datafield tag="245" ind1="1" ind2="0">
    <subfield code="a">Busca y rebusca de Valle-Incl&#xE1;n </subfield>
    <subfield code="b">: quimera, c&#xE1;ntico : ponencias, comunicaciones y debates del Simposio Internacional sobre Valle-Incl&#xE1;n, mayo 1986 / </subfield>
    <subfield code="c">director del Simposio y edici&#xF3;n, Juan Antonio Hormig&#xF3;n.</subfield>
  </datafield>
  <datafield tag="260" ind1=" " ind2=" ">
    <subfield code="a">[Madrid] : </subfield>
    <subfield code="b">Instituto Nacional de las Artes Esc&#xE9;nicas y de la M&#xFA;sica,</subfield>
    <subfield code="c">D.L. 1990.</subfield>
  </datafield>
  <datafield tag="300" ind1=" " ind2=" ">
    <subfield code="a">2 v. (405, 291) ; </subfield>
    <subfield code="c">24 cm.</subfield>
  </datafield>
  <datafield tag="500" ind1=" " ind2=" ">
    <subfield code="a">En la port. : Valle-Incl&#xE1;n y su tiempo hoy.</subfield>
  </datafield>
  <datafield tag="600" ind1="1" ind2="4">
    <subfield code="a">Valle-Incl&#xE1;n, Ram&#xF3;n del,</subfield>
    <subfield code="d">1866-1936-</subfield>
    <subfield code="v">Congresos y asambleas</subfield>
    <subfield code="9">112799</subfield>
  </datafield>
  <datafield tag="700" ind1="1" ind2=" ">
    <subfield code="a">Hormig&#xF3;n, Juan Antonio.</subfield>
    <subfield code="9">64204</subfield>
  </datafield>
  <datafield tag="710" ind1="2" ind2=" ">
    <subfield code="a">Instituto Nacional de las Artes Esc&#xE9;nicas y de la M&#xFA;sica (Espa&#xF1;a)</subfield>
    <subfield code="9">5175</subfield>
  </datafield>
  <datafield tag="740" ind1="0" ind2=" ">
    <subfield code="a">Valle-Incl&#xE1;n y su tiempo hoy.</subfield>
  </datafield>
  <datafield tag="852" ind1=" " ind2=" ">
    <subfield code="a">ES-MaACL</subfield>
    <subfield code="j">L-18431-32 </subfield>
    <subfield code="b">R.123429</subfield>
  </datafield>
  <datafield tag="999" ind1=" " ind2=" ">
    <subfield code="c">11057</subfield>
    <subfield code="d">11057</subfield>
  </datafield>
  <datafield tag="952" ind1=" " ind2=" ">
    <subfield code="0">0</subfield>
    <subfield code="1">0</subfield>
    <subfield code="4">0</subfield>
    <subfield code="7">0</subfield>
    <subfield code="a">ATENEOM</subfield>
    <subfield code="b">ATENEOM</subfield>
    <subfield code="c">DEPO2</subfield>
    <subfield code="d">2008-01-17</subfield>
    <subfield code="e">SC</subfield>
    <subfield code="l">0</subfield>
    <subfield code="o">L-18431-32</subfield>
    <subfield code="p">1011276</subfield>
    <subfield code="r">2023-02-23 00:00:00</subfield>
    <subfield code="w">2023-02-23</subfield>
    <subfield code="y">MONOGRAFIA</subfield>
  </datafield>
</record>
